01683nam a2200457 i 4500001000400000003000900004005001700013008003900030015001800069035002300087035003600110035001400146035002100160035002300181035004400204040002800248046000900276080001400285080001200299100004100311245016300352250002600515260006800541300006100609336002700670337005400697338002800751380001600779380002700795388001400822388001400836504003500850521006100885650003000946650003300976650001301009655003501022658003101057710004101088856009601129611KOSZ 00520200428101655.0200428s1977 pl a f 000 0 pol aUWD 1977/4733 a991017138729705066 a(PL-WaBN)b14627474-48omnis_nlop ab14627474 a(OCoLC)830295441 a(PL)b0000001462747 a(EXLNZ-48OMNIS_NETWORK)9910432109005606 aWA NcWA NdKOSZ 005/RW k1977 a624.012.4 a(075.8)1 aGrabiec, Kalikstd(1920-2002)eAutor10aProjektowanie konstrukcji betonowych i żelbetowych według metody stanów granicznych :b[skrypt dla studentów szkół technicznych] /cKalikst Grabiec. aWydanie 3 poprawione. aWarszawa ;aPoznań :bPaństwowe Wydawnictwo Naukowe,c1977. a365, [1] stron :bilustracje, tablice, wykresy ;c24 cm. aTekstbtxt2rdacontent aBez urządzenia pośredniczącegobn2rdamedia aWoluminbnc2rdacarrier aKsiążki aPublikacje dydaktyczne a1901-2000 a1945-1989 aBibliografia na stronie [366].8 aSkrypt dla studentów wyższych szkół technicznych. 7aKonstrukcje betonowe2DBN 7aKonstrukcje żelbetowe2DBN 7aProjekty 7aPodręczniki akademickie2DBN aArchitektura i budownictwo2 aPaństwowe Wydawnictwo Naukowe4pbl uhttp://koha.tu.koszalin.pl/cgi-bin/koha/opac-detail.pl?biblionumber=611yKatalog online BPK